[Event "Newport Open"]
[Site "Newport"]
[Date "2025.08.15"]
[Round "1"]
[Board "1"]
[White "Rathbone-Jones, Ifan"]
[Black "Pleasants, Allan J"]
[Result "1/2-1/2"]
[WhiteElo "2208"]
[BlackElo "1960"]
[WhiteFideId "-1"]
[WhiteFideId "-1"]
[PlyCount "97"]
[EventDate "2025.08.15"]
[EventType "swiss"]
[EventRounds "5"]
[EventCountry "WLS"]

1. d4 d6 2. Nc3 g6 3. h4 h6 4. e4 Bg7 5. Be3 Nc6 6. d5 Nb8 7. Bd4 Nf6 8. f4 c5 9. Bb5+ Nbd7 10. Bxf6 Bxf6 11. Nf3 a6 12. Bxd7+ Bxd7 13. e5 Bg7 14. h5 gxh5 15. e6 fxe6 16. Nh4 O-O 17. g3 b5 18. Qxh5 Qe8 19. Qf3 b4 20. Nd1 exd5 21. Qxd5+ Qf7 22. Qxf7+ Rxf7 23. O-O Bd4+ 24. Kh2 Bf6 25. Ng2 Rg7 26. Nge3 Kf7 27. Nd5 Rag8 28. Nxf6 Kxf6 29. Rf3 h5 30. Nf2 Bf5 31. a3 a5 32. axb4 axb4 33. c3 h4 34. gxh4 Rh8 35. Rg3 Rxh4+ 36. Kg2 Rxg3+ 37. Kxg3 Rh8 38. cxb4 cxb4 39. Ra5 b3 40. Rb5 Bc2 41. Ng4+ Ke6 42. Ne3 Rh1 43. f5+ Kf6 44. Kf4 e5+ 45. fxe6 Kxe6 46. Rb6 Rh4+ 47. Kf3 Ra4 48. Nxc2 bxc2 49. Rc6 1/2-1/2

[Event "Newport Open"]
[Site "Newport"]
[Date "2025.08.15"]
[Round "1"]
[Board "2"]
[White "Jones, Derek C"]
[Black "Saunders, Aron"]
[Result "0-1"]
[WhiteElo "1957"]
[BlackElo "2166"]
[WhiteFideId "-1"]
[WhiteFideId "-1"]
[PlyCount "86"]
[GameId "2212306771984426"]
[EventDate "2025.08.15"]
[EventType "swiss"]
[EventRounds "5"]
[EventCountry "WLS"]

1. c4 c6 2. g3 d5 3. Bg2 Nf6 4. Nf3 Bg4 5. Ne5 Be6 6. d4 g6 7. O-O Bg7 8. b3 Nfd7 9. Nf3 dxc4 10. Ng5 Nf8 11. Bb2 Qb6 12. Nxe6 Nxe6 13. e3 O-O 14. Nd2 cxb3 15. axb3 Nd7 16. Bh3 f5 17. Nc4 Qc7 18. Qc2 Nf6 19. Ne5 Ng5 20. Bg2 e6 21. Rfc1 Nf7 22. Nd3 Nd5 23. Nc5 Qc8 24. e4 fxe4 25. Qxe4 Re8 26. Qg4 Nh6 27. Qg5 Nf5 28. Qd2 b6 29. Ne4 Qd7 30. Rc4 Rac8 31. Rac1 Bh6 32. Ng5 Nfe3 33. fxe3 Bxg5 34. Re1 b5 35. Rc2 Qd6 36. Rc5 Qd7 37. Re2 Rf8 38. Qe1 Be7 39. Rc1 c5 40. e4 Nb4 41. Qd1 cxd4 42. Rxc8 Rxc8 43. Qxd4 Bc5 0-1

[Event "Newport Open"]
[Site "Newport"]
[Date "2025.08.15"]
[Round "1"]
[Board "3"]
[White "Beaumont, Chris R"]
[Black "Mcilroy, Gerard"]
[Result "1-0"]
[WhiteElo "2142"]
[BlackElo "1952"]
[WhiteFideId "-1"]
[WhiteFideId "-1"]
[PlyCount "57"]
[GameId "2212307922690110"]
[EventDate "2025.08.15"]
[EventType "swiss"]
[EventRounds "5"]
[EventCountry "WLS"]

1. Nf3 c5 2. c4 Nc6 3. g3 g6 4. Bg2 Bg7 5. Nc3 d6 6. O-O e5 7. a3 Nge7 8. Rb1 O-O 9. b4 f5 10. Ne1 Rb8 11. d3 h6 12. Nc2 f4 13. Nd5 g5 14. e3 Ng6 15. Qh5 Nce7 16. h4 fxg3 17. hxg5 gxf2+ 18. Rxf2 Rxf2 19. Kxf2 Qf8+ 20. Kg1 hxg5 21. Bd2 Qf5 22. Rf1 Qxd3 23. Nxe7+ Nxe7 24. Qe8+ Kh7 25. Qxe7 Qxc2 26. Qxd6 Ra8 27. Qd5 Kh8 28. Be4 Qa4 29. Qd8+ 1-0

[Event "Newport Open"]
[Site "Newport"]
[Date "2025.08.15"]
[Round "1"]
[Board "4"]
[White "Addis, Joseph"]
[Black "Varley, Peter"]
[Result "1/2-1/2"]
[WhiteElo "1925"]
[BlackElo "2117"]
[WhiteFideId "-1"]
[WhiteFideId "-1"]
[PlyCount "93"]
[GameId "2212308845883463"]
[EventDate "2025.08.15"]
[EventType "swiss"]
[EventRounds "5"]
[EventCountry "WLS"]

1. d4 d5 2. c4 e6 3. Nc3 Nf6 4. cxd5 exd5 5. Bg5 c6 6. Qc2 Nbd7 7. e3 h6 8. Bh4 Be7 9. Bd3 O-O 10. Nge2 a5 11. O-O Re8 12. f3 b5 13. Rac1 Nb6 14. b3 Ba3 15. Rcd1 Rxe3 16. Nb1 Be7 17. Qxc6 Ba6 18. Qc1 Re6 19. Nf4 Rd6 20. Bg3 Rc8 21. Qd2 Nbd7 22. Nc3 Qb6 23. Bf5 b4 24. Na4 Qd8 25. Rfe1 Rdc6 26. Rc1 g6 27. Bb1 Bf8 28. Nd3 Nh5 29. Bf2 Qf6 30. Rxc6 Rxc6 31. Re8 Qd6 32. Be3 Kh7 33. Nac5 Rc8 34. Rxc8 Bxc8 35. Nxd7 Bxd7 36. Ne5 Be8 37. Ng4 f5 38. Ne5 Bg7 39. g4 fxg4 40. Nxg4 Qf8 41. Kg2 Bd7 42. Ne5 Bf5 43. Bxf5 Qxf5 44. Qd3 Qe6 45. Ng4 Nf6 46. Ne5 Ne8 47. Bf4 1/2-1/2

[Event "Newport Open"]
[Site "Newport"]
[Date "2025.08.15"]
[Round "1"]
[Board "5"]
[White "Honey, Luke Anthony"]
[Black "Davis, Lee"]
[Result "1-0"]
[WhiteElo "2082"]
[BlackElo "1907"]
[WhiteFideId "-1"]
[WhiteFideId "-1"]
[PlyCount "153"]
[GameId "2212310730362972"]
[EventDate "2025.08.15"]
[EventType "swiss"]
[EventRounds "5"]
[EventCountry "WLS"]

1. e4 g6 2. d4 d6 3. Nf3 Bg7 4. Bc4 Nf6 5. Qe2 O-O 6. O-O c6 7. e5 Nd5 8. h3 h6 9. Bb3 a5 10. c4 a4 11. Bxa4 Rxa4 12. cxd5 cxd5 13. Nc3 Ra6 14. Rd1 e6 15. Bf4 dxe5 16. dxe5 Bd7 17. Nd4 Qe7 18. a3 Kh7 19. Rac1 Rc8 20. Bg3 Rc4 21. Na2 Rxc1 22. Rxc1 Nc6 23. Nb3 Be8 24. Nc5 Ra5 25. Nd3 Nd4 26. Qe1 Ra8 27. f4 Bb5 28. Nab4 Bc4 29. Bf2 Nb3 30. Rc3 Bf8 31. Qd1 Bxd3 32. Qxd3 Na5 33. b3 Qd7 34. Bb6 Nc6 35. Nxc6 bxc6 36. b4 Qb7 37. Bf2 Kg7 38. Kh2 Ra6 {(=)} 39. Qc2 Be7 40. g4 Qa8 41. Qd3 Ra4 42. Bd4 Qa6 43. Qxa6 Rxa6 44. Kg2 Kh7 45. Kf3 h5 46. g5 Kg8 47. Ke2 Kf8 48. Kd3 Ke8 49. Kc2 Kd7 50. Kb3 Ra8 51. Bc5 Bd8 52. a4 Rb8 53. Ka3 Ra8 54. a5 Ra6 55. Kb3 Bc7 56. Rc2 Bd8 57. Bd6 Ra8 58. Ra2 Ra6 59. Kc3 Kc8 60. Kd4 Bb6+ 61. Bc5 Bc7 62. Rc2 Kd7 63. Rc1 Ra8 64. Ra1 Ra6 65. Ra2 Bd8 66. Kc3 Kc8 67. Bd4 Kd7 68. Be3 Kc8 69. Bd2 Kb7 70. b5 cxb5 71. Kb4 Bb6 72. Kxb5 Bg1 73. Rc2 Bd4 74. Bb4 Be3 75. Bd6 Ra8 76. Rc7+ Kb8 77. Rc3+ 1-0

[Event "Newport Open"]
[Site "Newport"]
[Date "2025.08.15"]
[Round "1"]
[Board "6"]
[White "Bani Hani, Madged"]
[Black "Majeed, Haroon"]
[Result "1/2-1/2"]
[WhiteElo "1843"]
[BlackElo "2059"]
[WhiteFideId "-1"]
[WhiteFideId "-1"]
[PlyCount "86"]
[GameId "2212313053110374"]
[EventDate "2025.08.15"]
[EventType "swiss"]
[EventRounds "5"]
[EventCountry "WLS"]

{[%evp 0,69,11,-7,-9,11,-6,0,-67,-30,0,0,-9,-11,-2,-16,-21,-31,-25,-18,-14,-18,-1,4,-14,-3,20,-21,-16,-5,-20,-12,19,-118,-157,-105,-172,-208,-112,-83,-78,-77,-187,-109,-87,-14,-91,1,-118,-168,-134,-127,-127,-107,-89,52,-83,-86,-18,-62,-51,-128,-96,-132,-199,-215,-247,-181,-90,-1,-53,-31]} 1. b4 d5 2. Bb2 e6 3. e3 Nf6 4. a3 a5 5. b5 Bd6 6. Nf3 Nbd7 7. d4 c5 8. c4 cxd4 9. Nxd4 Nb6 10. Nd2 dxc4 11. Nxc4 Nxc4 12. Bxc4 O-O 13. h3 e5 14. Nf3 Qe7 15. O-O e4 16. Nd4 Qe5 17. f4 exf3 18. Qxf3 Ne4 19. Qf4 Qxf4 20. exf4 Nd2 21. Rfc1 Nxc4 22. Rxc4 Bxf4 23. Re1 Bd6 24. g4 Rd8 25. a4 Bd7 26. Nf5 Bxf5 27. gxf5 f6 28. Re6 Kf7 29. Kg2 Rd7 30. Rh4 Bb4 31. Rd4 Rad8 32. Rxd7+ Rxd7 33. Kf3 Re7 34. Rxe7+ Kxe7 35. Ke4 Kd6 36. Bd4 Bc5 37. Bc3 Bb6 38. Bb2 Bc5 39. Bc3 b6 40. Bb2 h5 41. Bc3 Bg1 42. Bb2 Bf2 43. Ba3+ Bc5 1/2-1/2

[Event "Newport Open"]
[Site "Newport"]
[Date "2025.08.15"]
[Round "1"]
[Board "7"]
[White "Ashworth, Michael"]
[Black "Wynarczyk, Raymond"]
[Result "1-0"]
[WhiteElo "2053"]
[BlackElo "1827"]
[WhiteFideId "-1"]
[WhiteFideId "-1"]
[PlyCount "61"]
[GameId "2212314285867120"]
[EventDate "2025.08.15"]
[EventType "swiss"]
[EventRounds "5"]
[EventCountry "WLS"]

{[%evp 0,61,16,17,-21,11,16,18,11,9,20,15,54,46,69,-2,26,39,26,47,31,40,32,-62,11,-7,2,171,125,84,9,25,12,64,12,5,27,14,73,47,16,212,18,9,0,101,33,49,52,-52,-37,-51,-8,-17,-26,-9,163,184,218,185,263,166,912,913]} 1. d4 d5 2. c4 e6 3. Nc3 Nf6 4. Bg5 c5 5. cxd5 Qb6 6. Nf3 cxd4 7. Nxd4 Qxb2 8. Qc1 Qxc1+ 9. Rxc1 Bb4 10. Bxf6 gxf6 {(=)} 11. e4 O-O 12. dxe6 Bxe6 13. Nxe6 fxe6 14. Bc4 Kf7 15. O-O Nc6 16. Ne2 Rfd8 17. Nf4 Rd6 18. Nd3 Rad8 19. Nxb4 Nxb4 20. Rb1 Rb6 21. a3 Rd4 22. Rfc1 Nd3 23. Rxb6 axb6 24. Rc3 Nc5 25. f3 Ke7 {(=)} 26. Rc2 Kd6 27. Kf2 Kc6 28. Bxe6 Kb5 29. Bg8 h6 30. Rc3 Rd3 31. Bc4+ 1-0

[Event "Newport Open"]
[Site "Newport"]
[Date "2025.08.15"]
[Round "1"]
[Board "8"]
[White "Kong, Emma Zihan"]
[Black "Szakmany, Bence"]
[Result "1-0"]
[WhiteElo "1825"]
[BlackElo "2008"]
[WhiteFideId "-1"]
[WhiteFideId "-1"]
[PlyCount "73"]
[GameId "2212315521122426"]
[EventDate "2025.08.15"]
[EventType "swiss"]
[EventRounds "5"]
[EventCountry "WLS"]

1. d4 d5 2. c4 e6 3. g3 Nf6 4. Bg2 Be7 5. Nf3 O-O 6. O-O dxc4 7. a4 b6 8. Ne5 Nd5 9. Nxc4 Bb7 10. e4 Nb4 11. Nc3 Nd7 12. Re1 h6 13. h4 Ba6 14. b3 c5 15. d5 Bxc4 16. bxc4 Bf6 17. Bb2 Ne5 18. Bf1 Nd7 19. Rb1 exd5 20. cxd5 Re8 21. Nb5 Bxb2 22. Rxb2 a6 23. Nd6 Qf6 24. Nxe8 Qxb2 25. Nc7 Ra7 26. d6 Qd4 27. Qxd4 cxd4 28. Rd1 Nc6 29. Bxa6 Nc5 30. Bb5 Ne5 31. f4 Ned7 32. Rxd4 Ne6 33. Nxe6 fxe6 34. e5 Kf7 35. Bxd7 Rxd7 36. Rb4 Ra7 37. Kf2 1-0

[Event "Newport Open"]
[Site "Newport"]
[Date "2025.08.15"]
[Round "1"]
[Board "9"]
[White "Tapp, James"]
[Black "Turner, Joseph David"]
[Result "1-0"]
[WhiteElo "2004"]
[BlackElo "1809"]
[WhiteFideId "-1"]
[WhiteFideId "-1"]
[PlyCount "101"]
[GameId "2212316576018564"]
[EventDate "2025.08.15"]
[EventType "swiss"]
[EventRounds "5"]
[EventCountry "WLS"]

1. d4 Nf6 2. Nf3 d5 3. c4 c6 4. Nc3 e6 5. cxd5 exd5 6. Qc2 Na6 7. a3 Be7 8. Bf4 O-O 9. e3 Nc7 10. Bd3 h6 11. O-O Ne6 12. Be5 Ng4 13. Bg3 Ng5 14. Nxg5 Bxg5 15. h3 Nxe3 16. fxe3 Bxe3+ 17. Bf2 Qg5 18. Rae1 Bf4 19. h4 Qd8 20. Qe2 Be6 21. Bb1 Qd7 22. Qf3 Bd6 23. Bg3 Bg4 24. Qd3 f5 25. Bxd6 Qxd6 26. Re5 Rae8 27. Rfe1 Rxe5 28. Rxe5 Qf6 29. Qg3 g5 30. hxg5 Qxg5 31. Qe3 Qxe3+ 32. Rxe3 h5 33. Re7 f4 34. Kf2 b5 35. Bh7+ Kh8 36. Bg6 a5 37. b4 axb4 38. axb4 Rf6 39. Be8 f3 40. Rf7 Rxf7 41. Bxf7 fxg2 42. Kxg2 Bd7 43. Bxh5 c5 44. dxc5 d4 45. Nb1 Kg7 46. Kg3 Kf6 47. Kf4 Bf5 48. Nd2 Ke6 49. Bf7+ Kf6 50. Bd5 Bd3 51. Nf3 1-0

[Event "Newport Open"]
[Site "Newport"]
[Date "2025.08.15"]
[Round "1"]
[Board "10"]
[White "Dixon, Chris"]
[Black "Young, Alan J"]
[Result "1/2-1/2"]
[WhiteElo "1775"]
[BlackElo "1986"]
[WhiteFideId "-1"]
[WhiteFideId "-1"]
[PlyCount "41"]
[GameId "2212318697504910"]
[EventDate "2025.08.15"]
[EventType "swiss"]
[EventRounds "5"]
[EventCountry "WLS"]

1. d4 Nf6 2. Nf3 e6 3. e3 d5 4. Bd3 Bd6 5. Nbd2 Nbd7 6. O-O O-O 7. Re1 h6 8. c3 c6 9. e4 dxe4 10. Nxe4 Nxe4 11. Bxe4 Qc7 12. Bc2 Rd8 13. Qd3 Nf8 14. Qe4 b6 15. h3 Bd7 16. Ne5 Be8 17. Nc4 Be7 18. Bf4 Qd7 19. Ne5 Qd5 20. Qxd5 cxd5 21. Bd3 1/2-1/2

[Event "Newport Open"]
[Site "Newport"]
[Date "2025.08.15"]
[Round "1"]
[Board "11"]
[White "Fathallah, Joe"]
[Black "Farani Sani, Hamid"]
[Result "1-0"]
[WhiteElo "1985"]
[BlackElo "1774"]
[WhiteFideId "-1"]
[WhiteFideId "-1"]
[PlyCount "63"]
[GameId "2212319591751852"]
[EventDate "2025.08.15"]
[EventType "swiss"]
[EventRounds "5"]
[EventCountry "WLS"]

1. d4 c5 2. d5 Nf6 3. Nc3 d6 4. e4 a6 5. a4 g6 6. h3 Bg7 7. Nf3 Nbd7 8. Be2 O-O 9. O-O Qc7 10. Bf4 Qb6 11. Ra2 Qa5 12. Nd2 h6 13. Nc4 Qc7 14. Qd2 Kh7 15. Bh2 Nb6 16. f4 Nxc4 17. Bxc4 Nd7 18. a5 b5 19. axb6 Qxb6 20. Qe2 Bd4+ 21. Kh1 Qb4 22. Na4 Qb7 23. e5 e6 24. dxe6 fxe6 25. Bxe6 Nxe5 26. Bxc8 Qd5 27. Raa1 Qc6 28. fxe5 Raxc8 29. e6 Rxf1+ 30. Qxf1 Re8 31. Qf7+ Bg7 32. Bxd6 1-0

[Event "Newport Open"]
[Site "Newport"]
[Date "2025.08.15"]
[Round "1"]
[Board "12"]
[White "Quinn, Peter"]
[Black "Jukes, Sam"]
[Result "0-1"]
[WhiteElo "1719"]
[BlackElo "1971"]
[WhiteFideId "-1"]
[WhiteFideId "-1"]
[PlyCount "84"]
[GameId "2212320606363830"]
[EventDate "2025.08.15"]
[EventType "swiss"]
[EventRounds "5"]
[EventCountry "WLS"]

1. e4 c5 2. Nf3 Nc6 3. d4 cxd4 4. Nxd4 Nf6 5. Nc3 e5 6. Ndb5 d6 7. a4 Be6 8. Bg5 a6 9. Na3 Rc8 10. Bxf6 gxf6 11. Bc4 Nd4 12. Nd5 f5 13. c3 fxe4 14. Ne3 Bxc4 15. Naxc4 Ne6 16. Qd5 Nc5 17. O-O Rg8 18. Rfd1 Rg6 19. b4 Nxa4 20. Rxa4 b5 21. Rxa6 bxc4 22. Nxc4 f5 23. Nxd6+ Bxd6 24. Rxd6 Qxd6 25. Qxd6 Rxd6 26. Rxd6 {(=)} Ke7 27. Rb6 Rxc3 28. Kf1 f4 29. Rh6 Rb3 30. Rxh7+ Kd6 31. Rb7 f3 32. gxf3 exf3 33. Ke1 Kd5 34. h4 Ke4 35. h5 Rb1+ 36. Kd2 Rf1 37. h6 Rxf2+ 38. Ke1 Rh2 39. h7 Ke3 40. Kd1 f2 41. Rf7 Rxh7 42. Rf5 Rh1+ 0-1

[Event "Newport Open"]
[Site "Newport"]
[Date "2025.08.15"]
[Round "1"]
[Board "13"]
[White "Eggington, David C"]
[Black "Richards, Gareth"]
[Result "1-0"]
[WhiteElo "1960"]
[BlackElo "1587"]
[WhiteFideId "-1"]
[WhiteFideId "-1"]
[PlyCount "87"]
[GameId "2212322172240082"]
[EventDate "2025.08.15"]
[EventType "swiss"]
[EventRounds "5"]
[EventCountry "WLS"]

1. d4 d5 2. Nf3 Nf6 3. g3 c5 4. Bg2 Nc6 5. O-O Bf5 6. c4 dxc4 7. Na3 Be6 8. Ne5 Nxe5 9. dxe5 Nd5 10. Qa4+ Qd7 11. Qxd7+ Kxd7 12. Rd1 Kc6 13. Nxc4 b5 14. Na5+ Kb6 15. Bxd5 Rd8 16. e4 Kxa5 17. Be3 Bg4 18. Bxc5 Bxd1 19. Rxd1 Rd7 20. b4+ Ka6 21. Rd3 Rxd5 22. exd5 h5 23. Ra3+ Kb7 24. Rxa7+ Kc8 25. Bxe7 Kb8 26. Rd7 Bxe7 27. Rxe7 f6 28. f4 h4 29. Rxg7 fxe5 30. fxe5 Rh5 31. Re7 h3 32. d6 Kc8 33. Rc7+ Kd8 34. Rc5 Rf5 35. Rxb5 Ke8 36. Rc5 Kd8 37. a4 Rf3 38. e6 Rd3 39. e7+ Kd7 40. Rc7+ Kxd6 41. e8=Q Kxc7 42. Qe5+ Rd6 43. Kf2 Kc6 44. Qxd6+ 1-0

[Event "Newport Open"]
[Site "Newport"]
[Date "2025.08.16"]
[Round "2"]
[Board "1"]
[White "Saunders, Aron"]
[Black "Tapp, James"]
[Result "1-0"]
[WhiteElo "2166"]
[BlackElo "2004"]
[WhiteFideId "-1"]
[WhiteFideId "-1"]
[PlyCount "83"]
[GameId "2212323528388850"]
[EventDate "2025.08.15"]
[EventType "swiss"]
[EventRounds "5"]
[EventCountry "WLS"]

1. e4 c6 2. d4 d5 3. e5 c5 4. dxc5 e6 5. Nf3 Bxc5 6. a3 Nd7 7. b4 Be7 8. Bb2 f6 9. Nbd2 fxe5 10. Nxe5 Nxe5 11. Bxe5 Nf6 12. Bd3 O-O 13. O-O a5 14. b5 Bd7 15. Nb3 Rc8 16. Nd4 Qb6 17. Qe2 a4 18. Kh1 Bc5 19. c3 Bd6 20. Nf3 Bxe5 21. Qxe5 Qc5 22. Qe2 Qxc3 23. Ne5 Kh8 24. f4 Be8 25. h3 Nh5 26. Kh2 Rxf4 27. Qe3 Rxf1 28. Rxf1 Nf6 29. Qg5 h6 30. Rxf6 Qxd3 31. Rf8+ Kh7 32. Qe7 Qe4 33. Qxe6 h5 34. Qg8+ Kh6 35. Qh8+ Qh7 36. Nf7+ Bxf7 37. Rxc8 Qxh8 38. Rxh8+ Kg6 39. Rb8 d4 40. Rxb7 Bc4 41. b6 Kf5 42. Rd7 1-0

[Event "Newport Open"]
[Site "Newport"]
[Date "2025.08.16"]
[Round "2"]
[Board "2"]
[White "Fathallah, Joe"]
[Black "Beaumont, Chris R"]
[Result "1/2-1/2"]
[WhiteElo "1985"]
[BlackElo "2142"]
[WhiteFideId "-1"]
[WhiteFideId "-1"]
[PlyCount "32"]
[GameId "2212324823556658"]
[EventDate "2025.08.15"]
[EventType "swiss"]
[EventRounds "5"]
[EventCountry "WLS"]

1. d4 Nf6 2. c4 g6 3. Nc3 Bg7 4. e4 d6 5. f3 O-O 6. Be3 c5 7. dxc5 dxc5 8. Qxd8 Rxd8 9. Bxc5 Nc6 10. Nd5 Nd7 11. Nxe7+ Nxe7 12. Bxe7 Bxb2 13. Bxd8 Bxa1 14. Ne2 Ne5 15. Nf4 Bc3+ 16. Kd1 Nc6 1/2-1/2

[Event "Newport Open"]
[Site "Newport"]
[Date "2025.08.16"]
[Round "2"]
[Board "3"]
[White "Jukes, Sam"]
[Black "Honey, Luke Anthony"]
[Result "1/2-1/2"]
[WhiteElo "1971"]
[BlackElo "2082"]
[WhiteFideId "-1"]
[WhiteFideId "-1"]
[PlyCount "120"]
[GameId "2212605918909093"]
[EventDate "2025.08.15"]
[EventType "swiss"]
[EventRounds "5"]
[EventCountry "WLS"]

{[%evp 0,69,11,21,28,56,41,41,22,32,29,0,0,-75,-28,-10,26,56,11,21,-8,6,6,19,11,19,3,-6,16,114,56,41,24,6,-4,-39,-75,-75,-35,-39,-38,-28,-39,43,-39,-37,-202,-14,-1,-3,-21,-34,-35,66,9,-174,-174,-140,-137,-127,-94,75,-87,-85,-111,-107,-110,1,-106,-99,-82,-1]} 1. e4 c6 2. d4 d5 3. Nc3 dxe4 4. Nxe4 Bf5 5. Nc5 e5 6. Nxb7 Qb6 7. Nc5 Bxc5 8. dxc5 Qxc5 9. c3 Nf6 10. Be3 Qe7 11. Bd3 Bxd3 12. Qxd3 O-O 13. Qc4 Rd8 14. Nf3 Nd5 15. O-O Qe6 16. Qh4 Nd7 17. c4 Nxe3 18. fxe3 h6 19. Rad1 Nf6 20. b3 c5 21. Qg3 e4 22. Nh4 Qg4 23. Qxg4 Nxg4 24. Nf5 g6 25. Ne7+ Kg7 26. Nd5 Rac8 27. Rd2 Nxe3 28. Re1 Nxd5 29. Red1 Kf6 30. Rxd5 Rxd5 31. Rxd5 Ke6 32. Kf2 Rc6 33. Ke3 f5 34. h4 Ra6 35. Rxc5 Rxa2 36. g4 Rb2 37. gxf5+ gxf5 38. Rc6+ Ke5 39. Rc5+ Kf6 40. Rc6+ Kg7 41. Kf4 Rf2+ 42. Ke3 Rf3+ 43. Kd4 Rxb3 44. Rc7+ Kg6 45. Rxa7 Rd3+ 46. Ke5 Rc3 47. Ra6+ Kh5 48. Kxf5 Rxc4 49. Kf4 Rb4 50. Re6 e3+ 51. Kxe3 Rxh4 52. Kf3 Ra4 53. Rb6 Kg5 54. Kg3 Ra3+ 55. Kh2 Ra5 56. Rb8 h5 57. Rg8+ Kh4 58. Rg7 Ra2+ 59. Rg2 Ra3 60. Rg1 Ra2+ 1/2-1/2

[Event "Newport Open"]
[Site "Newport"]
[Date "2025.08.16"]
[Round "2"]
[Board "4"]
[White "Eggington, David C"]
[Black "Ashworth, Michael"]
[Result "1/2-1/2"]
[WhiteElo "1960"]
[BlackElo "2053"]
[WhiteFideId "-1"]
[WhiteFideId "-1"]
[PlyCount "127"]
[GameId "2212602292560518"]
[EventDate "2025.08.15"]
[EventType "swiss"]
[EventRounds "5"]
[EventCountry "WLS"]

1. d4 Nf6 2. Nf3 e6 3. g3 b6 4. Bg2 Bb7 5. O-O Be7 6. c4 O-O 7. Nh4 Bxg2 8. Nxg2 d5 9. Qa4 dxc4 10. Qxc4 c5 11. Be3 Nbd7 12. Nc3 Qc8 13. Rac1 Qb7 14. Rfd1 cxd4 15. Qxd4 Rfd8 16. Nb5 Nc5 17. Qe5 Nd5 18. Bxc5 bxc5 19. e4 Nb4 20. Qc7 Qxc7 21. Nxc7 Nxa2 22. Nxa8 Nxc1 23. Rxc1 Rxa8 24. Ne3 Rb8 25. Ra1 Rb7 26. Nc4 Kf8 27. e5 Ke8 28. Ra6 Kd7 29. Kg2 f6 30. Kf3 Bd8 31. Ke4 Bc7 32. f4 Rb4 33. Kd3 fxe5 34. fxe5 Rb3+ 35. Ke2 Rb7 36. Kd3 Bb6 37. Ra1 Ke7 38. Nd6 Rb8 39. Rf1 Rf8 40. Rxf8 Kxf8 41. Kc4 Ke7 42. g4 Kd7 43. g5 Kc6 44. Ne8 g6 45. Nf6 Bc7 46. Nxh7 Bxe5 47. Nf8 Bxh2 48. Nxe6 Bd6 49. Nd8+ Kd7 50. Nb7 Kc6 51. Nd8+ Kc7 52. Ne6+ Kd7 53. Nxc5+ Bxc5 54. Kxc5 Ke6 55. Kb5 Kf5 56. Ka6 Kxg5 57. Kxa7 Kf5 58. b4 g5 59. b5 g4 60. b6 g3 61. b7 g2 62. b8=Q g1=Q+ 63. Qb6 Qxb6+ 64. Kxb6 1/2-1/2

[Event "Newport Open"]
[Site "Newport"]
[Date "2025.08.16"]
[Round "2"]
[Board "5"]
[White "Ndhlovu, Lahende"]
[Black "Kong, Emma Zihan"]
[Result "1-0"]
[WhiteElo "2200"]
[BlackElo "1825"]
[WhiteFideId "-1"]
[WhiteFideId "-1"]
[PlyCount "105"]
[GameId "2212604424589967"]
[EventDate "2025.08.15"]
[EventType "swiss"]
[EventRounds "5"]
[EventCountry "WLS"]

1. e4 c5 2. Nc3 Nc6 3. f4 d6 4. Bc4 g6 5. d3 Bg7 6. Nf3 Nf6 7. O-O O-O 8. Kh1 Na5 9. Qe1 Nxc4 10. dxc4 Be6 11. Nd5 b5 12. Qe2 bxc4 13. Qxc4 Rb8 14. c3 Qd7 15. Re1 Qb7 16. Nxf6+ exf6 17. Qd3 d5 18. e5 Rfc8 19. Qe3 Qc7 20. b3 Re8 21. Ba3 Rbc8 22. Qd2 Red8 23. h3 h5 24. Qf2 Bf5 25. Qh4 Be4 26. exf6 Bxf3 27. fxg7 Be4 28. c4 Qa5 29. Bc1 Qc3 30. Be3 Qxg7 31. Bxc5 Rd7 32. Qf2 dxc4 33. Rac1 f5 34. Rxc4 Rcd8 35. Rg1 Rd2 36. Qh4 Qb2 37. Be3 R2d3 38. Rc7 Rd1 39. Qg5 Rxg1+ 40. Bxg1 Bxg2+ 41. Qxg2 Qxg2+ 42. Kxg2 Rd2+ 43. Kg3 Rxa2 44. Rxa7 Rc2 45. Rb7 Rc3+ 46. Kh4 Rf3 47. Rb4 Kf7 48. Bb6 Rd3 49. Bc7 Rf3 50. Be5 Re3 51. Rb6 Re1 52. Rf6+ Ke7 53. Rxg6 1-0

[Event "Newport Open"]
[Site "Newport"]
[Date "2025.08.16"]
[Round "2"]
[Board "6"]
[White "Young, Alan J"]
[Black "Rathbone-Jones, Ifan"]
[Result "0-1"]
[WhiteElo "1986"]
[BlackElo "2208"]
[WhiteFideId "-1"]
[WhiteFideId "-1"]
[PlyCount "52"]
[GameId "2212605953168044"]
[EventDate "2025.08.15"]
[EventType "swiss"]
[EventRounds "5"]
[EventCountry "WLS"]

1. e4 c5 2. Nf3 d6 3. Bb5+ Nc6 4. O-O Bd7 5. Re1 a6 6. Bf1 Nf6 7. c3 g5 8. Nxg5 Rg8 9. d3 h6 10. Nf3 Bg4 11. Be3 d5 12. exd5 Qxd5 13. Kh1 O-O-O 14. Nbd2 e6 15. Nc4 Qh5 16. Be2 b5 17. Ncd2 Bd6 18. Nf1 Nd5 19. c4 Nxe3 20. fxe3 Rg6 21. cxb5 axb5 22. a4 b4 23. Rc1 Bh3 24. g3 Bxf1 25. Bxf1 Rxg3 26. Bg2 Rxf3 0-1

[Event "Newport Open"]
[Site "Newport"]
[Date "2025.08.16"]
[Round "2"]
[Board "7"]
[White "Varley, Peter"]
[Black "Shepherd, Tom"]
[Result "1-0"]
[WhiteElo "2117"]
[BlackElo "1960"]
[WhiteFideId "-1"]
[WhiteFideId "-1"]
[PlyCount "75"]
[GameId "2212672546251455"]
[EventDate "2025.08.15"]
[EventType "swiss"]
[EventRounds "5"]
[EventCountry "WLS"]

1. f4 d5 2. Nf3 Nf6 3. g3 g6 4. Bg2 Bg7 5. O-O O-O 6. d3 Nc6 7. c3 Re8 8. d4 Bf5 9. Nbd2 a5 10. h3 Qd6 11. Ne5 a4 12. g4 Bc8 13. e3 b5 14. Qf3 e6 15. h4 Ne7 16. h5 Bb7 17. Qh3 c5 18. Ndf3 Ne4 19. hxg6 hxg6 20. Nh4 Bc8 21. Bxe4 dxe4 22. Bd2 Ra7 23. g5 Nd5 24. Rf2 a3 25. bxa3 cxd4 26. cxd4 Rxa3 27. Nhxg6 fxg6 28. Rh2 Nxf4 29. Qh7+ Kf8 30. Nxg6+ Nxg6 31. Rf1+ Ke7 32. Qxg7+ Kd8 33. Qxg6 Rxa2 34. Qf6+ Qe7 35. Bb4 Qxf6 36. gxf6 Rg8+ 37. Kh1 Rxh2+ 38. Kxh2 1-0

[Event "Newport Open"]
[Site "Newport"]
[Date "2025.08.16"]
[Round "2"]
[Board "8"]
[White "Pleasants, Allan J"]
[Black "Garcia Hernandez, Oscar"]
[Result "1-0"]
[WhiteElo "1960"]
[BlackElo "2083"]
[WhiteFideId "-1"]
[WhiteFideId "-1"]
[PlyCount "139"]
[GameId "2212673909142216"]
[EventDate "2025.08.15"]
[EventType "swiss"]
[EventRounds "5"]
[EventCountry "WLS"]

1. e4 c6 2. d4 d5 3. exd5 cxd5 4. Bd3 Nc6 5. c3 e6 6. f4 g6 7. Nf3 Bg7 8. O-O Nh6 9. Na3 O-O 10. Nc2 Kh8 11. Ne3 Qd6 12. Qe1 Bd7 13. Qh4 f6 14. Bd2 Ne7 15. g4 Nf7 16. f5 Kg8 17. Rae1 exf5 18. gxf5 g5 19. Qg3 h5 20. Qh3 Nh6 21. Qxh5 Nexf5 22. Bxf5 Bxf5 23. Nxf5 Nxf5 24. Qg6 Ne7 25. Qh5 Nf5 26. Rf2 Qd7 27. Rfe2 Qf7 28. Qg4 Nh6 29. Qg2 Rfe8 30. Rxe8+ Rxe8 31. Rxe8+ Qxe8 32. h4 g4 33. Bxh6 Bxh6 34. Qxg4+ Kf8 35. Qf5 Qe3+ 36. Kg2 Bf4 37. Qc8+ Kg7 38. Qxb7+ Kh6 39. Qxd5 Qe2+ 40. Kh1 Qf1+ 41. Ng1 Qf2 42. Qg2 Qxh4+ 43. Qh3 Qxh3+ 44. Nxh3 Bc1 45. b3 Bb2 46. c4 Bxd4 47. Kg2 Kg6 48. Kf3 Kf5 49. Nf4 Bc3 50. Nd5 Bd4 51. Nb4 a5 52. Nd3 Bc3 53. Nf4 Ke5 54. Nd5 Bb2 55. Ne7 Kd6 56. Nd5 Kc5 57. Ke4 a4 58. Kd3 axb3 59. axb3 Be5 60. b4+ Kc6 61. Ke4 Bb2 62. Kf5 Ba3 63. b5+ Kd6 64. Kxf6 Bc5 65. Kf5 Ba7 66. Ke4 Kc5 67. Kd3 Bb8 68. Nf6 Ba7 69. Nd7+ Kd6 70. b6 1-0